Blackboard Blitz: Comedians Quiz Stats

Quiz Updated Oct 17, 2017

Score 0/12 Timer 01:00
5 Plays Today
% Correct
Usain Bolt
97.6%
Tiger Woods
94.4%
Bill Gates
94.1%
Sting
93.2%
Napoleon Bonaparte
92.2%
Elvis Presley
90.5%
James Earl Jones
88.4%
Dwayne Johnson
86%
Jon Bon Jovi
85.1%
Vince Lombardi
84.9%
Walt Whitman
83.4%
Obi-Wan Kenobi
82.7%

You're not logged in!

Compare scores with friends on all Sporcle quizzes.
Sign Up with Email
OR
Log In

You Might Also Like...

Show Comments

Extras

Top Quizzes Today


Score Distribution

Your Account Isn't Verified!

In order to create a playlist on Sporcle, you need to verify the email address you used during registration. Go to your Sporcle Settings to finish the process.